000 01162nam a22001817a 4500
003 JO-AjAnu
005 20240605112307.0
008 240311b jo ||||| |||| 00| 0 ara d
040 _bara
_canu
100 _aمحمد أحمد بني عطا
_eمؤلف
_965044
245 _aمستوى معرفة معلمي الطلبة ذوي صعوبات التعلم بخصائص الطلبة ذوي صعوبات التعلم الموهوبين والاحتياجات التعليمية الخاصة بهم=
_b The Knowledge Level of Teachers Working with Students Who Have Learning Disabilities Including Those Who Exhibit Characterisities of Giftedaness and Their Educational Needs / اعداد محمد احمد بني عطا ؛ اشراف الهام مصطفى القصيرين
260 _c2024
300 _a93 ورقه
500 _aرسالة ماجستير : جامعة عجلون الوطنية؛ كلية العلوم التربوية تخصص صعوبات التعلم - التربية الخاصة
650 _vمستوى الطلبة-صعوبات التعلم
700 _aالهام مصطفى القصيرين
_eمشرف
_964898
942 _2lcc
_cTHS
_n0
999 _c33308
_d33308